| 000 | 00606cam a22002053a 4500 | ||
|---|---|---|---|
| 001 | 36395 | ||
| 003 | PGUSA | ||
| 005 | 20140828083804.0 | ||
| 008 | 110612s2011||||xxu|||||s|||||000 | eng d | ||
| 040 |
_aPGUSA _beng |
||
| 042 | _adc | ||
| 100 | 1 | _aEmerson, Alice B. | |
| 245 | 1 | 0 |
_aRuth Fielding In the Red Cross : _bDoing Her Best For Uncle Sam _h[electronic resource] / _cAlice B. Emerson |
| 260 |
_bProject Gutenberg, _c2011 |
||
| 506 | _aPublic domain in the USA. | ||
| 516 | _aElectronic text | ||
| 830 | 0 |
_aProject Gutenberg _v36395 |
|
| 856 | 4 | 0 | _uhttp://www.gutenberg.org/ebooks/36395 |
| 942 | _cEB | ||
| 999 |
_c265650 _d265650 |
||